| 000 | 00599nam a2200169 a 4500 | ||
|---|---|---|---|
| 008 | 131007s2011 ||||||||||||||||| || u | ||
| 020 | _a9781780220727 | ||
| 050 | _aPS 3505 .A3113.M54 | ||
| 100 | _aCain, James M | ||
| 245 | 1 | 0 |
_aMildred pierce _cby James M. Cain |
| 260 |
_aLondon: _bPhoenix House _c2011 |
||
| 300 | _a281p. | ||
| 650 | _aCONFLICT OF GENERATIONS--FICTION | ||
| 650 | _aSINGLE MOTHERS--FICTION | ||
| 650 | 0 | _aMOTHERS AND DAUGHTERS--FICTION | |
| 995 |
_FCBU-MAIN LIBRARY (Kitwe) _M1 _UAVAILABLE _WOct 31, 2013 _ZFiction Collection |
||
| 999 |
_c51222 _d51222 |
||